La aparición de la Virgen y otros poemas políticos: 1963-1987

Guardat en:
Dades bibliogràfiques
Autor principal: Lihn Carrasco, Enrique (autor)
Format: Llibre
Idioma:espanyol
Publicat: Santiago Universidad Diego Portales 2012
Edició:1a. ed
Matèries:
Etiquetes: Afegir etiqueta
Sense etiquetes, Sigues el primer a etiquetar aquest registre!

MARC

LEADER 00000cam a2200000 a 4500
001 UCF2657
003 CL-VaPUC
008 120830e20120300CL |||||||||||||||||spa|d
020 |a 9789563141573 
082 0 4 |a Ch861  |b LIH  |2 21 
100 |a Lihn Carrasco, Enrique  |e autor  |9 310552 
245 1 3 |a La aparición de la Virgen y otros poemas políticos: 1963-1987 
250 |a 1a. ed 
300 |a 134 p 
942 |c BK 
945 |d 20120830 00:00:00  |a dcastane 
260 |a Santiago  |b Universidad Diego Portales  |c 2012 
650 0 |a Poesías chilenas   |9 265280 
650 0 |a Literatura chilena   |9 308278 
583 |a last modification  |c 20120830 10:25:00  |k Rodrigo Vera 
999 |c 349197  |d 349195 
952 |0 0  |1 0  |4 0  |6 CH_861_000000000000000_LIH_2012  |7 0  |8 A  |9 451692  |a BIBART  |b BIBART  |d 2019-11-22  |i 4897684  |l 1  |o Ch861 LIH 2012  |p 4897684  |r 2025-03-13  |s 2024-10-02  |w 2019-11-22  |y BK  |k ART